000 00563nam a22001817a 4500
003 SGT
020 _a97899351405221
082 _a540.71
100 _aSINGH,JAGDAMBA
245 _aADVANCED PRACTICAL CHEMISTRY
250 _a6TH
260 _aNEW DELHI
_bPRAGTI
_c2016
300 _aV.P
490 _aCHEMISTRY
650 _aPRACTICAL CHEMISTRY
653 _aLABORATORY APPARATUS AND TECHNIQUES,SEPARATION OF ORGANIC MIXTURES,ADSORPTION,PHASE EQUILIBRIA ,CHEMICAL KINETICS,ANALYSIS OF INSOLUBLE RESIDUE,INORGANIC LABORATORY PREPARATIONS
942 _2ddc
_cFPS
_02
999 _c9288
_d9288